La tía Julia y el escribidor / (Registro nro. 10741)

Detalles MARC
000 -LIDER
fixed length control field 01021cam a2200361 c 4500
001 - NÚMERO DE CONTROL
Identificador de número de control a499928
003 - IDENTIFICACDOR DE NÚMERO DE CONTROL
control field DO-SdBNP
005 - DATE AND TIME OF LATEST TRANSACTION
control field 20171121110828.0
007 - CAMPOS FIJOS DE DESCRIPCIÓN FÍSICA
fixed length control field a499928
008 - ELEMENTOS DE LONGITUD FIJA
fixed length control field 110221s2010 sp | |||| 000 f spa
015 ## - NÚMERO DENTRO DE LA BIBLIOGRAFÍA NACIONAL
National bibliography number
017 ## - NÚMERO DE REGISTRO DE DERECHOS DE AUTOR
Copyright or legal deposit number
Assigning agency
020 ## - ISBN
International Standard Book Number 9786071107787
035 ## - NÚMERO LOCAL
System control number
040 ## - FUENTE DE CATALOGACIÓN
Agencia que crea de manera original el registro BPMSU
Idioma de catalogación spa
Agencia que realiza la transcripción BPMSU
Convenciones de la despripción
080 ## - NÚMERO DE CLASIFICACIÓN DECIMAL UNIVERSAL
Universal Decimal Classification number
082 #4 - NÚMERO DE CLASIFICACIÓN DECIMAL DE DEWEY
Edition number
Classification number Pe863.44
Item number V297t, 2010
100 1# - ASIENTO PRINCIPAL -- NOMBRE PERSONAL
Nombre personal Vargas Llosa, Mario,
Fechas asociadas con el nombre 1936-
245 13 - MENCIÓN DE TITULO
Título La tía Julia y el escribidor /
Medio (Designación general de material)
Mención de responsabilidad Mario Vargas Llosa
250 ## - MENCIÓN DE EDICION
Mención de edición 1a ed. en Punto de lectura
260 ## - PUBLICACIÓN, DISTRIBUCIÓN, ETC. (PIE DE IMPRENTA)
Lugar de publicación, distribución, etc México :
Nombre del editor, distribuidor, etc. Santillana
Fecha de publicación, distribución, etc 2010
300 ## - DESCRIPCIÓN FÍSICA
Extensión 489 p. ;
Dimensiones 21 cm
440 ## - MENCIÓN DE SERIE/ENTRADA SECUNDARIA--TÍTULO
Nombre de la parte o sección de una obra
490 1# - MENCIÓN DE SERIES
Mención de serie Punto de lectura
Volume/sequential designation 4/7
500 ## - NOTA GENERAL
Nota general Incluye datos biográficos del autor en la solapa.
586 ## - AWARDS NOTE
Awards note Premio Nobel de Literatura 2010
650 #4 - ENCABEZAMIENTO DE MATERIA--TEMÁTICO
Término temático o nombre geográfico como elemento de entrada NOVELA PERUANA
650 #4 - ENCABEZAMIENTO DE MATERIA--TEMÁTICO
Término temático o nombre geográfico como elemento de entrada LITERATURA PERUANA
830 #0 - ASIENTO SECUNDARIO DE SERIE--TÍTULO UNIFORME
Título uniforme Punto de lectura
Volume number/sequential designation 4/7
942 ## - ADDED ENTRY ELEMENTS (KOHA)
Source of classification or shelving scheme Dewey Decimal Classification
Koha item type Libros
945 ## - INFORMACIÓN DE PROCESAMIENTO LOCAL
Información de procesamiento local Inventariado extranjero / 2017 VM
956 ## - LOCAL ELECTRONIC LOCATION AND ACCESS (OCLC)
Nombre de host VMATEO
Número de acceso 10
Información de compresión 20160706
Trayectoria BPMSU
Nombre Electrónico 0069
Existencias
Withdrawn status Lost status Source of classification or shelving scheme Damaged status Not for loan Collection code Home library Current library Date acquired Source of acquisition Total Checkouts Full call number Barcode Date last seen Price effective from Koha item type Copy number
    Dewey Decimal Classification     Colección General Biblioteca Pública Metropolitana Salomé Ureña Biblioteca Pública Metropolitana Salomé Ureña 07/06/2016 ALFAGUARA   Pe863.44 V297t 2010 BPMSU16070183 07/06/2016 07/06/2016 Libros  
    Dewey Decimal Classification     Colección General Biblioteca Pública Metropolitana Salomé Ureña Biblioteca Pública Metropolitana Salomé Ureña 07/06/2016 ALFAGUARA   Pe863.44 V297t 2010 BPMSU16070184 07/06/2016 07/06/2016 Libros e. 2
    Dewey Decimal Classification     Colección General Biblioteca Pública Metropolitana Salomé Ureña Biblioteca Pública Metropolitana Salomé Ureña 07/06/2016 ALFAGUARA   Pe863.44 V297t 2010 BPMSU16070186 07/06/2016 07/06/2016 Libros e. 3